| 000 | 00866nam a2200217 i 4500 | ||
|---|---|---|---|
| 001 | 38031 | ||
| 003 | ES-MaACL | ||
| 005 | 20250907063039.0 | ||
| 007 | t| | ||
| 008 | 030224s1925 sp ||||1| spa d | ||
| 100 | 1 |
_aCabrera, Ángel, _d1879-1960 _933276 |
|
| 245 | 1 | 0 |
_aGenera mammalium _b: insectivora galeopithecia / _cpor Angel Cabrera. |
| 260 |
_aMadrid : _b[s.n., _c1925] ( _fTalls. Poligráficos) |
||
| 300 |
_a232 p., XVIII lám. ; _c28 cm. |
||
| 500 | _aPrecede al tít.: Junta para Ampliación de Estudios e Investigaciones Científicas. Museo Nacional de Ciencias Naturales. | ||
| 650 | 4 |
_aGaleopitécidos. _9170122 |
|
| 710 | 2 |
_aJunta para la Ampliación de Estudios e Investigaciones Científicas. _95413 |
|
| 710 | 2 |
_aMuseo Nacional de Ciencias Naturales (España) _95897 |
|
| 852 |
_aES-MaACL _jA-4915 _bR.16884 |
||
| 999 |
_c38031 _d38031 |
||